Movies Quiz

Random Movies or Clickable Quiz
Score 0/20 Timer 08:00
8 Plays Today
% Correct
A Bug's Life
96.4%
Teenage Mutant Ninja Turtles
96.2%
How to Train Your Dragon
95.9%
Dawn of the Planet of the Apes
95.7%
Jaws
95.7%
Jurassic World
95.1%
Alvin and the Chipmunks: The Squeakquel
95%
Pitch Perfect
90.7%
Catch Me If You Can
88.5%
White Men Can't Jump
87.7%
% Correct
Taken 3
86.8%
Frida
85.4%
Frankenweenie
83.5%
Space Jam
82.8%
Kill Bill: Vol. 1
82.5%
Interstellar
79.1%
Mad Max: Fury Road
75.9%
Rounders
74.4%
Guardians of the Galaxy
73%
Inside Out
49.6%
Remove Ads.
Support Sporcle.
Get the best of Sporcle when you Go Orange. This ad-free experience offers more features, more stats, and more fun while also helping to support Sporcle. Thank you for becoming a member.

You're not logged in!

Compare scores with friends on all Sporcle quizzes.
OR
Log In

Sporcle TV

Today on Sporcle TV


Watch our educational content, quiz creation guides, and fun videos on Sporcle TV.

Show Comments

Extras

Top Quizzes Today


Score Distribution

Paid Content

Your Account Isn't Verified!

In order to create a playlist on Sporcle, you need to verify the email address you used during registration. Go to your Sporcle Settings to finish the process.

Report this User

Report this user for behavior that violates our Community Guidelines.

Details: